000 01285nam a2200301 4500
001 179577
003 ES-MaACL
005 20250929063256.0
008 111223s2010 sp a | |||||||| | spa d
020 _a978-84-8472-596-1
080 _a929 Gille, Louis-François
080 _a94(460)"1808/14"(093.3)
100 1 _aGuille, Louis-François,
_d1788-1863
_9148808
245 1 0 _aMemorias de un recluta de 1808 :
_breunidas y publicadas por Philippe Gille /
_cLouis François Gille ; traducción de Christina Linares del Castillo-Valero ; introducción de Manuel Moreno Alonso.
260 _aSevilla :
_bCentro de Estudios Andaluces :
_bRenacimiento,
_c2010.
300 _a249 p. :
_bil. ;
_c21 cm.
490 1 _aBiblioteca histórica ;
_v19
651 4 _aEspaña-
_xHistoria-
_y1808-1814, Guerra de la Independencia-
_vRelatos personales.
_9138809
700 1 _aGuille, Philippe.
_9148809
700 1 _aLinares del Castillo-Valero, Christina.
_9148810
700 0 _aMoreno Alonso, Manuel.
_983321
830 0 _aBiblioteca histórica (Editorial Renacimiento) ;
_v19
_9235904
852 _aES-MaACL
_9186474
_bR.146785
_jA-11811
_dOlim: N-4816
_cDEPO1
942 _2udc
_cMONOGRAFIA
999 _c179577
_d179577